Integration of slum into the community : a case study of Gulbarga city (Record no. 24660)

MARC details
000 -LEADER
fixed length control field 00289nam a2200097Ia 4500
008 - FIXED-LENGTH DATA ELEMENTS--GENERAL INFORMATION
fixed length control field 190716s9999 xx 000 0 und d
082 ## - CLASSIFICATION NUMBER
Call Number TD-50#
100 ## - AUTHOR NAME
Author Dhadave, Mallikarjun Shankarap
245 #0 - TITLE STATEMENT
Title Integration of slum into the community : a case study of Gulbarga city
942 ## - ADDED ENTRY ELEMENTS (KOHA)
Koha item type Micro-Film
Holdings
Withdrawn status Circulation Status Home library Current library Entry Date Accession Number Koha item type
    NASSDOC Library NASSDOC Library 16/07/2019 MF995 Micro-Film